000 00505nam a2200181Ia 4500
001 22776
005 20260414150853.0
008 260414t2012||||xx |||||||||||||| ||spa||
041 _aESP
082 _a621.8672
_bL587
100 _aLuszczewski, Antoni
_eAUT
245 0 _aRedes industriales de tubería :
_bbombas para agua, ventiladores y compresores. Diseño y construcción
260 _c2012
300 _a302 páginas :
_c27 cm.
650 _aTCA
654 _aCET
942 _cLIB
_dJUS
_fJUS
_2ddc
_n
999 _c22776
_d22776